000 00632nam a2200193Ia 4500
003 GCL
008 140319s9999 xx 000 0 ara d
020 _a8256614977
040 _aGCL /
_cGCL
082 0 4 _a814.008
_bا م
100 1 _aانيس منصور
245 1 0 _aما الذى يريدة الشباب ؟ /
_cانيس منصور
250 _aالاولى
260 _aالقاهرة :
_bنهضة مصر للطباعة والنشر والتوزيع ،
_c2004
300 _a352 ص ؛
_c19 سم
650 0 4 _aالادب العربى - مقالات
650 0 4 _aالمقالات العربية - مصر
942 _2ddc
_cBK
999 _c6215
_d6215